Digital communications (Record no. 956)

000 -LEADER
fixed length control field 00508nam a2200205 a 4500
001 - CONTROL NUMBER
control field 956
003 - CONTROL NUMBER IDENTIFIER
control field BD-DhUET
008 - FIXED-LENGTH DATA ELEMENTS--GENERAL INFORMATION
fixed length control field 860516s1986 inua b 001 0 eng
020 ## - INTERNATIONAL STANDARD BOOK NUMBER
International Standard Book Number 0071181830
040 ## - CATALOGING SOURCE
Original cataloging agency DLC
Transcribing agency DLC
Modifying agency BD-DhUET
082 00 - DEWEY DECIMAL CLASSIFICATION NUMBER
Classification number 623.8
Item number PRO/2001
100 ## - MAIN ENTRY--PERSONAL NAME
Personal name Proakis, John G.
245 00 - TITLE STATEMENT
Title Digital communications
250 ## - EDITION STATEMENT
Edition statement 4th ed.
260 ## - PUBLICATION, DISTRIBUTION, ETC. (IMPRINT)
Place of publication, distribution, etc. Boston
Name of publisher, distributor, etc. McGraw-Hill
Date of publication, distribution, etc. 2001
300 ## - PHYSICAL DESCRIPTION
Extent xxi,1002p..
504 ## - BIBLIOGRAPHY, ETC. NOTE
Bibliography, etc Includes bibliographies

650 #0 - SUBJECT ADDED ENTRY--TOPICAL TERM
Topical term or geographic name as entry element Digital communications.
942 ## - ADDED ENTRY ELEMENTS (KOHA)
Koha item type General Book
Holdings
Location (home branch) Source of classification or shelving scheme Withdrawn status Koha date last borrowed Not for loan Sublocation or collection (holding branch) Price effective from Shelving location Date acquired Koha normalized classification for sorting Koha date last seen Copy number Piece designation (barcode) Koha item type Koha full call number Koha issues (times borrowed) Damaged status Lost status
Central Library, BUET    Central Library, BUET2014-08-26Circulation section2014-08-26623_000000000000000_8PRO20012014-08-261103342General Book623.8/PRO/2001   
Central Library, BUET    Central Library, BUET2014-08-26Circulation section2014-08-26623_000000000000000_8PRO20012017-07-302103344General Book623.8/PRO/2001   
Central Library, BUET    Central Library, BUET2014-08-26Circulation section2014-08-26623_000000000000000_8PRO20012015-06-083103345General Book623.8/PRO/2001   
Central Library, BUET  2015-05-20 Central Library, BUET2014-08-26Circulation section2014-08-26623_000000000000000_8PRO20012015-08-184103346General Book623.8/PRO/20011  
Central Library, BUET    Central Library, BUET2014-08-26Circulation section2014-08-26623_000000000000000_8PRO20012014-08-265103347General Book623.8/PRO/2001   
Central Library, BUET  2018-08-06 Central Library, BUET2014-08-26Circulation section2014-08-26623_000000000000000_8PRO20012018-08-296103348General Book623.8/PRO/20012  
Central Library, BUET  2018-08-29 Central Library, BUET2014-08-26Circulation section2014-08-26623_000000000000000_8PRO20012018-09-117103349General Book623.8/PRO/20011  
Central Library, BUET    Central Library, BUET2014-08-26Circulation section2014-08-26623_000000000000000_8PRO20012015-08-168103350General Book623.8/PRO/2001   
Central Library, BUET    Central Library, BUET2014-08-26Circulation section2014-08-26623_000000000000000_8PRO20012015-03-019107674General Book623.8/PRO/2001   
Central Library, BUET  2018-08-28 Central Library, BUET2017-05-16Circulation section2007-05-07623_800000000000000_PRO_20012018-09-0910103343General Book623.8/PRO/20011